书目信息 |
| 题名: |
计算机操作应用五合一经典教程
|
|
| 作者: | 梁为民 , 崔亚量 主编 | |
| 分册: | ||
| 出版信息: | 北京 航空工业出版社 2004.08 |
|
| 页数: | 243页 | |
| 开本: | 26cm | |
| 丛书名: | 新手学电脑 | |
| 单 册: | ||
| 中图分类: | TP3 | |
| 科图分类: | ||
| 主题词: | 电子计算机--基本知识 | |
| 电子资源: | ||
| ISBN: | 7-80183-401-1 | |
| 000 | 00944nam 2200265 450 | |
| 001 | 0181522218 | |
| 005 | 20050916091723.62 | |
| 010 | @a7-80183-401-1@dCNY22.80 | |
| 100 | @a20041216d2004 km y0chiy0120 ea | |
| 101 | 0 | @achi |
| 102 | @aCN@b110000 | |
| 105 | @aa z 000yy | |
| 200 | 1 | @a计算机操作应用五合一经典教程@Aji suan ji cao zuo ying yong wu he yi jing dian jiao cheng@f梁为民,崔亚量主编@Fliang wei min,cui ya liang zhu bian |
| 210 | @a北京@c航空工业出版社@d2004.08 | |
| 215 | @a243页@c图@d26cm | |
| 225 | 2 | @a新手学电脑 |
| 330 | @a本书是一部关于电子计算机基本知识的著作,内容包括:计算机基础知识、中文版Word 2003的使用、计算机网络及其应用等。 | |
| 333 | @a计算机学习者,计算机爱好者及普通读者。 | |
| 410 | 0 | @12001 @a新手学电脑 |
| 606 | 0 | @a电子计算机@x基本知识 |
| 690 | @aTP3@v4 | |
| 701 | 0 | @a梁为民@Aliang wei min@4主编 |
| 701 | 0 | @a崔亚量@Acui ya liang@4主编 |
| 801 | 0 | @aCN@bQSSK@c20050916 |
| 905 | @a10447@dTP3@eL417 | |
| 计算机操作应用五合一经典教程/梁为民,崔亚量主编.-北京:航空工业出版社,2004.08 |
| 243页:图;26cm.-(新手学电脑) |
| 使用对象:计算机学习者,计算机爱好者及普通读者。 |
| ISBN 7-80183-401-1:CNY22.80 |
| 本书是一部关于电子计算机基本知识的著作,内容包括:计算机基础知识、中文版Word 2003的使用、计算机网络及其应用等。 |
| ● |
| 相关链接 |
|
|
|
正题名:计算机操作应用五合一经典教程
索取号:TP3/L417
 
预约/预借
| 序号 | 登录号 | 条形码 | 馆藏地/架位号 | 状态 | 备注 |
| 1 | 570599 | 205705995 | 自科库301/301自科库 73排2列2层/ [索取号:TP3/L417] | 在馆 | |
| 2 | 570600 | 205706002 | 自科库301/400A自科库 9排1列3层/ [索取号:TP3/L417] | 在馆 | |
| 3 | 570601 | 205706011 | 自科库301/301自科库 73排2列2层/ [索取号:TP3/L417] | 在馆 |